| 000 | 00546nam a2200169 i 4500 | ||
|---|---|---|---|
| 001 | 55045 | ||
| 003 | ES-MaACL | ||
| 005 | 20230906163054.0 | ||
| 007 | t| | ||
| 008 | 030911s1958 sp ||||1| spa d | ||
| 100 | 1 |
_aDelgado, Honorio. _943407 |
|
| 245 | 1 | 3 |
_aLa formación espiritual del individuo _b: psicología, educación, higiene mental / _cHonorio Delgado. |
| 250 | _a4ª ed. | ||
| 260 |
_aBarcelona : _bEd. Científico-Médica, _c1958 ( _fDelriu) |
||
| 300 |
_aX, 197 p., 1 gráf. pleg. ; _c21 cm. |
||
| 852 |
_aES-MaACL _jC-15435 _bR.43018 |
||
| 999 |
_c55045 _d55045 |
||